Κατάλογος Βιβλιοθηκών Mediterranean College

Περίπτωσεις Κοινωνικής Εργασίας με Ομάδες / Έκδοση Τέταρτη (Record no. 4354)

MARC details
000 -LEADER
fixed length control field 01166cam a22001814a 4500
005 - ΗΜΕΡΟΜΗΝΙΑ ΚΑΙ ΩΡΑ ΤΕΛΕΥΤΑΙΑΣ ΕΝΗΜΕΡΩΣΗΣ
Πεδίο ελέγχου 20250605164144.0
008 - FIXED-LENGTH DATA ELEMENTS--GENERAL INFORMATION
Πεδίο ελέγχου σταθερού μήκους 250528s ||||||||||||||||||||||||d
035 ## - SYSTEM CONTROL NUMBER
System control number 19071
040 ## - ΠΗΓΗ ΚΑΤΑΛΟΓΟΓΡΑΦΗΣΗΣ
Φορέας πρωτότυπης καταλογογράφησης MC Athens Campus Library
Γλώσσα καταλογογράφησης Ελληνικά, Μοντέρνα (1453-)
Modifying agency MC Athens Campus Library
Κανόνες περιγραφικής καταλογογράφησης AACR2
245 1# - ΤΙΤΛΟΣ ΚΑΙ ΔΗΛΩΣΗ ΥΠΕΥΘΥΝΟΤΗΤΑΣ
Τίτλος Περίπτωσεις Κοινωνικής Εργασίας με Ομάδες / Έκδοση Τέταρτη
260 ## - PUBLICATION, DISTRIBUTION, ETC.
Name of publisher, distributor, etc. Αθήνα,
Date of publication, distribution, etc. 1979
300 ## - PHYSICAL DESCRIPTION
Extent 271
520 ## - SUMMARY, ETC.
Summary, etc. Εισαγωγή, Πρόλογος, Τι Είναι Κοινωνική Εργασία με Ομάδες, Περιπτώσεις Ομάδων, ''Αετοί'' (Ορφανοτροφείο), ''Γέλιο'' (Νοσηλευτικό Ίδρυμα για Ανάπηρα Παιδιά), ''Κυκλάμινο'' (Σχολείο για Τυφλα Παιδιά), ''Ρήγας Φερραίος'' (Ορφανοτροφείο Αρρένων), ''Μενεξέδες'' (Κοινοτικό Κέντρο), ''Οικοκυρική Σχολή'', ''Παπαρούνες'' (Κοινοτικό Κέντρο), ''Χαρούμενη Παρέα'' (Κοινοτικό Κέντρο).
700 1# - ΠΡΟΣΘΕΤΗ ΑΝΑΓΡΑΦΗ--ΦΥΣΙΚΟ ΠΡΟΣΩΠΟ
Personal name Μισράχη Σεσίλ
9 (RLIN) 5334
942 ## - ADDED ENTRY ELEMENTS (KOHA)
Koha item type Books
Holdings
Τύπος τεκμηρίου Βιβλιοθήκη Τρέχουσα τοποθεσία Barcode Αριθμός εισαγωγής Ημερομηνία απόκτησης Ταξιθετικό σύμβολο Αριθμός αντιτύπου Κατάσταση απόσυρσης Κατάσταση χαμένου Κατάσταση κατεστραμμένου Μη δανεισμός Σύνολο δανεισμών Ημερομηνία τελευταίας εμφάνισης Η τιμή ισχύει από
Books MC Athens Campus Library MC Athens Campus Library 9780000043535 4009 05/06/2025 361.409495 MIS 1           05/06/2025 05/06/2025

MC Athens Campus Library
Πατησίων 94 & Κοδριγκτώνος 13, 104 34
Πελλήνης 8 & Πατησίων 107, 112 51
Τ: +30 210 8899600

MC Thessaloniki Campus Library
Ίωνος Δραγούμη 21, 54625 | Ίωνος Δραγούμη 15, 54625
Τ: +30 2310 287779 – Τ: +30 2314 440300